Jak působit přesvědčivě [tipy a rady pro zdolávání stresu, posílení sebedůvěry a překonání krizí]

Guardado en:
Detalles Bibliográficos
Autor principal: Caunt, John
Otros Autores: Vejmělková, Jitka
Formato: Libro
Lenguaje:checo
Publicado: Brno CP Books 2005
Colección:Rozvoj osobnosti
Materias:
Etiquetas: Agregar Etiqueta
Sin Etiquetas, Sea el primero en etiquetar este registro!

MARC

LEADER 00000nam$a2200000$$$4500
001 0038595
005 20240315114511.8
020 |a 80-251-0685-3 
041 0 |a cze 
044 |a CZ 
245 1 0 |a Jak působit přesvědčivě  |b [tipy a rady pro zdolávání stresu, posílení sebedůvěry a překonání krizí]  |c John Caunt ; překlad: Jitka Vejmělková 
264 1 |a Brno  |b CP Books  |c 2005 
300 |a 92 s. 
490 1 |a Rozvoj osobnosti 
830 0 |a Rozvoj osobnosti 
610 2 0 |a prostredie pracovné 
610 2 0 |a stresy 
610 2 0 |a psychológia 
610 2 0 |a sebavýchova 
610 2 0 |a vzťahy medziľudské 
610 2 0 |a vzťahy pracovné 
610 2 0 |a sebakontrola 
610 2 0 |a mobbing 
610 2 0 |a vypätie pracovné 
610 2 0 |a poradenstvo 
100 1 |a Caunt, John 
700 1 |a Vejmělková, Jitka